=LDR 00000nam 2200000 4500 =001 INLIS000000000051116 =005 20171221103925 =035 ##$$a 0010-0817000299 =007 ta =008 171221###########################0###### =020 ##$$a 978-602-14307-7-4 =082 ##$$a 371.3 =084 ##$$a 371.3-Sha-t =100 #$$a Shlomo Sharan, Ph.D =245 1#$$a The handbook of cooperative learning : $b Inovasi pengajaran dan pembelajaran untuk memacu keberhasilan siswa di kelas /$c Shlomo Sharan, S.Pd =250 ##$$a Cet. 1 =260 ##$$a Yogyakarta :$b Istana Media,$c 2014 =300 ##$$a 469 Hlm ; $c 23 Cm =990 ##$$a 01201709666 =990 ##$$a 1343113431